[Event "Turkey IS Bank Super League 2017"]
[Site "Darica-Kocaeli"]
[Date "2017.08.06"]
[Round "13"]
[White "Nomin-Erdene, Davaademberel"]
[Black "Osmak, Iulija"]
[Result "0-1"]
[WhiteElo "2373"]
[BlackElo "2353"]
[Annotator "NA"]
[PlyCount "90"]
[EventType "team-tourn"]
[EventCountry "TUR"]
[SourceTitle "playchess.com"]
[Source "ChessBase"]
[SourceQuality "1"]
[TimeControl "40/5400+30:1800+30"]

{[%evp 9,68,0,0,0,-19,-25,32767,32767,32767,32767,32767,32767,10,0,16,0,0,0,19,18,28,16,32767,40,73,46,78,52,95,63,108,104,107,87,118,111,109,32767,109,32767,195,32767,110,120,127,12,14,32767,32767,0,0,-28,-5,32767,-14,32767,32767,-58,-38,-63,-82]} 1. e4 {[%emt 0:00:30]} e6 {[%emt 0:01:00]} 2. d4 {[%emt 0:00:30]} d5 {[%emt 0:00:30]} 3. Nc3 {[%emt 0:00:30]} Nf6 {[%emt 0:00:30]} 4. Bg5 {[%emt 0:00:00]} Bb4 {[%emt 0:00:00]} 5. e5 {[%emt 0:00:00]} h6 {[%emt 0:00:00]} 6. Be3 {[%emt 0:00:30]} Ne4 {[%emt 0:00:00]} 7. Qg4 {[%emt 0:00:00]} g6 {[%emt 0:03:00]} 8. a3 {[%emt 0:00:00]} Bxc3+ {[%emt 0:00:30]} 9. bxc3 {[%emt 0:00:30]} c5 {[%emt 0:00:30]} 10. Bd3 {[%emt 0:13:30] C12: French: Classical System: McCutcheon Variation} h5 {[%emt 0:06:30]} (10... Nxc3 11. dxc5 Nc6 12. Nf3 Qa5 13. O-O Qa4 14. Qxa4 Nxa4 15. Bb5 Nc3 16. a4 Bd7 17. Ra3 Ne4 {½-½ (74) Ponkratov,P (2605)-Nguyen,N (2625) Khanty-Mansiysk 2013}) 11. Qf3 {[%emt 0:07:30]} Nxc3 {[%emt 0:01:30] LiveBook: 8 Games} 12. dxc5 {[%emt 0:00:30]} d4 {[%emt 0:02:30]} 13. Bd2 {[%emt 0:01:30]} Nc6 {[%emt 0:02:30]} 14. Bxc3 {[%emt 0:03:30]} dxc3 {[%emt 0:01:30]} 15. Qe3 {[%emt 0:01:30]} Qd4 $146 {[%emt 0:14:30]} ({Predecessor:} 15... Bd7 16. Nf3 Ne7 17. Be4 Qc7 {½-½ (37) Volkov,A (2107)-Aguirre Inchaurbe,P (1917) LSS email 2012}) 16. Qxd4 $1 {[%emt 0:04:30]} Nxd4 {[%emt 0:00:00]} 17. O-O-O {[%emt 0:05:30]} Nc6 {[%emt 0:16:00]} 18. f4 {[%emt 0:00:30]} g5 {[%emt 0:07:30]} (18... Ke7 $11) 19. g3 {[%emt 0:02:30]} Bd7 {[%emt 0:03:30] [#]} 20. Ne2 $1 {[%emt 0:00:30]} gxf4 {[%emt 0:01:30]} 21. gxf4 {[%emt 0:00:30]} Ne7 {[%emt 0:00:00]} 22. Nxc3 {[%emt 0:00:30]} Bc6 {[%emt 0:00:00]} 23. Be4 {[%emt 0:01:30]} Rd8 {[%emt 0:04:30]} 24. Bxc6+ {[%emt 0:02:30]} bxc6 {[%emt 0:03:30]} (24... Nxc6 $16 25. Rxd8+ Kxd8) 25. Ne4 {[%emt 0:00:30]} Rxd1+ {[%emt 0:00:30]} 26. Rxd1 {[%emt 0:00:30]} Nd5 {[%emt 0:00:30]} 27. c4 {[%emt 0:01:30]} ({White should try} 27. Nd6+ $16 Kf8 28. Nc8) 27... Nxf4 {[%emt 0:00:30]} 28. Nf6+ {[%emt 0:10:30]} Kf8 {[%emt 0:00:30]} 29. Rd8+ {[%emt 0:05:30]} Kg7 {[%emt 0:00:30]} 30. Rd6 {[%emt 0:00:30]} h4 {[%emt 0:08:30]} 31. Nd7 {[%emt 0:03:30]} Rc8 {[%emt 0:00:30]} 32. Kd2 {[%emt 0:05:30]} Kg6 {[%emt 0:01:30]} 33. Ke3 {[%emt 0:01:30]} (33. Nb6 $11 Rg8 34. Rxc6) 33... Kf5 {[%emt 0:00:30]} 34. Rd4 $15 {[%emt 0:02:30] [#]} Ng2+ $1 {[%emt 0:00:00]} 35. Kf3 {[%emt 0:10:20]} h3 {[%emt 0:00:00]} 36. a4 {[%emt 0:02:58]} Rc7 {[%emt 0:03:30]} 37. Kg3 {[%emt 0:02:22]} Rb7 {[%emt 0:03:25]} 38. Rd2 {[%emt 0:08:46]} Rb3+ {[%emt 0:01:40]} 39. Kf2 {[%emt 0:00:06]} Ne3 {[%emt 0:01:41]} 40. Ke1 {[%emt 0:00:00]} Ng4 {[%emt 0:02:14]} 41. Kd1 {[%emt 0:10:58]} Rb1+ {[%emt 0:08:30]} 42. Kc2 {[%emt 0:00:30]} Rh1 {[%emt 0:00:00]} 43. Nb8 {[%emt 0:00:30]} Rxh2 {[%emt 0:00:00]} 44. Rxh2 {[%emt 0:02:30]} Nxh2 {[%emt 0:00:30]} 45. Nxc6 {[%emt 0:00:30]} Nf3 {[%emt 0:00:00]} 0-1

[Event "Turkey IS Bank Super League 2017"]
[Site "Darica-Kocaeli"]
[Date "2017.08.06"]
[Round "13"]
[White "Kerigan, Demre"]
[Black "Ertan, Can"]
[Result "0-1"]
[WhiteElo "2354"]
[BlackElo "2377"]
[Annotator "NA"]
[PlyCount "74"]
[EventType "team-tourn"]
[EventCountry "TUR"]
[SourceTitle "playchess.com"]
[Source "ChessBase"]
[SourceQuality "1"]
[TimeControl "40/5400+30:1800+30"]

1. e4 {[%emt 0:00:30]} e5 {[%emt 0:01:00]} 2. Bc4 {[%emt 0:00:30]} Nc6 {[%emt 0:00:30]} 3. d3 {[%emt 0:00:30]} Nf6 {[%emt 0:02:30]} 4. Nc3 {[%emt 0:00:30]} Na5 {[%emt 0:02:30]} 5. Nge2 {[%emt 0:02:30]} Bc5 {[%emt 0:05:30]} 6. O-O {[%emt 0:05:30] C28: Vienna Game: 2...Nf6 3 Bc4 Nc6} c6 {[%emt 0:16:30]} (6... O-O 7. a4 Nxc4 8. dxc4 a5 9. Qd3 d6 10. b3 Be6 11. Be3 Nd7 12. Rad1 f5 13. f4 b6 {½-½ (28) Carlsen,M (2855)-Giri,A (2782) Paris 2016}) 7. a3 {[%emt 0:07:30]} Nxc4 {[%emt 0:04:30]} 8. dxc4 {[%emt 0:00:30]} h6 {[%emt 0:05:30]} 9. Qd3 {[%emt 0:02:30]} Qc7 $146 {[%emt 0:14:30]} ({Predecessor:} 9... O-O 10. Qg3 Kh7 11. Qxe5 d6 12. Qg3 Re8 13. Qd3 Ng4 {0-1 (31) Lazar,J (2155)-Piroska,I (2195) Hungary 2011}) 10. Be3 {[%emt 0:04:30]} Be7 {[%emt 0:00:30]} 11. Rad1 {[%emt 0:12:30]} d6 {[%emt 0:00:30]} 12. h3 {[%emt 0:03:30]} Be6 {[%emt 0:03:30]} 13. f4 {[%emt 0:10:30]} Rd8 {[%emt 0:00:30]} 14. f5 {[%emt 0:03:30]} Bc8 {[%emt 0:06:30]} 15. Bf2 {[%emt 0:05:30]} ({Avoid the trap} 15. Bxa7 $2 b6 $19) 15... O-O {[%emt 0:04:30]} 16. Ng3 {[%emt 0:02:30]} b6 {[%emt 0:04:30]} 17. Qf3 {[%emt 0:04:30]} Ba6 {[%emt 0:00:30]} 18. b3 {[%emt 0:00:30]} d5 {[%emt 0:00:30]} 19. exd5 {[%emt 0:17:09]} cxd5 {[%emt 0:00:00]} 20. Nxd5 {[%emt 0:02:00]} Nxd5 {[%emt 0:00:00]} 21. Rxd5 {[%emt 0:00:30]} Bb7 {[%emt 0:00:30]} 22. Ne4 {[%emt 0:00:21]} Rxd5 {[%emt 0:00:30]} 23. cxd5 {[%emt 0:00:49]} Bxd5 {[%emt 0:00:00]} 24. c4 {[%emt 0:00:03]} Bxe4 {[%emt 0:05:00]} 25. Qxe4 {[%emt 0:00:30]} Bxa3 {[%emt 0:00:30]} 26. Rd1 {[%emt 0:02:43]} Be7 $15 {[%emt 0:01:30]} 27. Rd5 {[%emt 0:02:28]} f6 {[%emt 0:00:30]} 28. Be3 {[%emt 0:02:48]} Rd8 {[%emt 0:01:30]} 29. Kh2 {[%emt 0:01:42]} Rd7 {[%emt 0:01:21]} 30. h4 {[%emt 0:01:44]} Qc6 {[%emt 0:03:53]} 31. Qg4 {[%emt 0:02:05]} Rxd5 {[%emt 0:00:32]} 32. Bxh6 {[%emt 0:00:50]} Bf8 {[%emt 0:00:34]} 33. cxd5 {[%emt 0:00:30]} Qxd5 {[%emt 0:00:00]} 34. h5 {[%emt 0:00:58]} Qxb3 {[%emt 0:02:30]} 35. Bd2 {[%emt 0:01:00]} Qd3 {[%emt 0:00:42]} 36. Bc1 {[%emt 0:00:29]} Qd4 {[%emt 0:03:59]} 37. Qg3 {[%emt 0:01:14]} Qd1 {[%emt 0:00:43]} 0-1

[Event "Turkey IS Bank Super League 2017"]
[Site "Darica-Kocaeli"]
[Date "2017.08.06"]
[Round "13"]
[White "Ozen, Deniz"]
[Black "Dolgun, Can"]
[Result "1-0"]
[WhiteElo "2351"]
[BlackElo "2104"]
[Annotator "NA"]
[PlyCount "89"]
[EventType "team-tourn"]
[EventCountry "TUR"]
[SourceTitle "playchess.com"]
[Source "ChessBase"]
[SourceQuality "1"]
[TimeControl "40/5400+30:1800+30"]

1. e4 {[%emt 0:00:30]} c5 {[%emt 0:01:00]} 2. Nf3 {[%emt 0:00:30]} d6 {[%emt 0:00:30]} 3. Bb5+ {[%emt 0:00:00]} Bd7 {[%emt 0:00:30]} 4. Bxd7+ {[%emt 0:00:00]} Qxd7 {[%emt 0:00:30]} 5. O-O {[%emt 0:00:30]} Nf6 {[%emt 0:00:00]} 6. Qe2 {[%emt 0:00:30]} Nc6 {[%emt 0:00:00]} 7. Rd1 {[%emt 0:00:30]} g5 {[%emt 0:00:00]} 8. c3 {[%emt 0:00:00]} g4 {[%emt 0:00:00]} 9. Nh4 {[%emt 0:00:00]} Qe6 {[%emt 0:00:30]} 10. d3 {[%emt 0:00:00]} d5 {[%emt 0:00:30]} 11. Bg5 {[%emt 0:00:00]} dxe4 {[%emt 0:12:30]} 12. Bxf6 {[%emt 0:01:30]} Qxf6 {[%emt 0:01:30]} 13. Qxg4 {[%emt 0:02:30]} exd3 {[%emt 0:01:30]} 14. Rxd3 {[%emt 0:04:30]} Ne5 {[%emt 0:01:30]} 15. Qa4+ {[%emt 0:00:30]} Qc6 {[%emt 0:02:30]} 16. Qxc6+ {[%emt 0:00:30]} Nxc6 {[%emt 0:00:00]} 17. Nd2 {[%emt 0:07:30]} Rd8 {[%emt 0:02:00]} 18. Rxd8+ {[%emt 0:02:30]} Kxd8 {[%emt 0:00:30]} 19. Ne4 {[%emt 0:00:30]} e6 {[%emt 0:02:30]} 20. Rd1+ {[%emt 0:00:30]} Ke8 {[%emt 0:08:30]} 21. Nf3 {[%emt 0:05:30]} Be7 {[%emt 0:02:30]} 22. Kf1 {[%emt 0:00:30]} Rg8 {[%emt 0:00:30]} 23. h3 {[%emt 0:00:30]} f5 {[%emt 0:07:30]} 24. Ned2 {[%emt 0:02:30]} Bf6 {[%emt 0:05:30]} 25. Nc4 {[%emt 0:02:30]} Ke7 {[%emt 0:00:30]} 26. a4 {[%emt 0:00:00]} b6 {[%emt 0:02:30]} 27. g3 {[%emt 0:01:00]} Rd8 {[%emt 0:05:30]} 28. Rxd8 {[%emt 0:01:30]} Kxd8 {[%emt 0:00:30]} 29. g4 {[%emt 0:00:30]} fxg4 {[%emt 0:06:30]} 30. hxg4 {[%emt 0:00:00]} h6 {[%emt 0:02:30]} 31. Ke2 {[%emt 0:03:00]} Bg5 {[%emt 0:15:30]} 32. Nce5 {[%emt 0:02:30]} Kc7 {[%emt 0:00:56]} 33. Nxc6 {[%emt 0:00:30]} Kxc6 {[%emt 0:00:08]} 34. Nxg5 {[%emt 0:00:30]} hxg5 {[%emt 0:00:30]} 35. Ke3 {[%emt 0:00:30]} Kd5 {[%emt 0:04:25]} 36. f4 {[%emt 0:00:30]} gxf4+ {[%emt 0:00:46]} 37. Kxf4 {[%emt 0:00:00]} e5+ {[%emt 0:01:00]} 38. Kf5 {[%emt 0:00:00]} e4 {[%emt 0:00:24]} 39. Kf4 {[%emt 0:00:30]} a6 {[%emt 0:00:30]} 40. g5 {[%emt 0:00:00]} b5 {[%emt 0:30:15]} 41. axb5 {[%emt 0:00:00]} axb5 {[%emt 0:00:30]} 42. g6 {[%emt 0:00:00]} Ke6 {[%emt 0:00:00]} 43. Kxe4 {[%emt 0:00:00]} b4 {[%emt 0:00:00]} 44. g7 {[%emt 0:00:30]} Kf7 {[%emt 0:00:00]} 45. c4 {[%emt 0:00:00]} 1-0

[Event "Turkey IS Bank Super League 2017"]
[Site "Darica-Kocaeli"]
[Date "2017.08.06"]
[Round "13"]
[White "Yildiz, Betul Cemre"]
[Black "Mammadova, Gulnar"]
[Result "1/2-1/2"]
[WhiteElo "2326"]
[BlackElo "2357"]
[Annotator "TA"]
[PlyCount "29"]
[EventType "team-tourn"]
[EventCountry "TUR"]
[SourceTitle "playchess.com"]
[Source "ChessBase"]
[SourceQuality "1"]

{[%evp 27,29,0,29,0]} 1. d4 d5 2. c4 e6 3. Nf3 Nf6 4. Nc3 c6 5. cxd5 exd5 6. Bg5 Be7 7. Qc2 O-O 8. e3 Nbd7 9. Bd3 Re8 10. O-O Nf8 11. Bf4 (11. h3 g6 12. Rab1 Ne6 13. Bh4 Ng7 14. b4 a6 15. a4 Bf5 16. b5 axb5 17. axb5 Bxd3 18. Qxd3 Nf5 19. Bxf6 Bxf6 20. Qc2 Nd6 21. Nd2 {0-1 (47) Navara,D (2730)-Hansen,S (2566) Reykjavik 2015}) 11... Bd6 12. Bg5 $146 ({Predecessor:} 12. Bxd6 Qxd6 13. a3 {½-½ (13) Pantsulaia,L (2588)-Paichadze,L (2537) Poti 2013}) 12... Be7 13. Bf4 Bd6 14. Bg5 Be7 15. Bf4 {D36: Queen's Gambit Declined: Exchange Variation: Main line (5 Bg5 c6 6 Qc2)} 1/2-1/2

[Event "Turkey IS Bank Super League 2017"]
[Site "Darica-Kocaeli"]
[Date "2017.08.06"]
[Round "13"]
[White "Ozen, Bahadir"]
[Black "Tasdogen, Dincer"]
[Result "1/2-1/2"]
[WhiteElo "2315"]
[BlackElo "2215"]
[Annotator "NA"]
[PlyCount "74"]
[EventType "team-tourn"]
[EventCountry "TUR"]
[SourceTitle "playchess.com"]
[Source "ChessBase"]
[SourceQuality "1"]
[TimeControl "40/5400+30:1800+30"]

1. g3 {[%emt 0:00:30]} g6 {[%emt 0:01:00]} 2. Bg2 {[%emt 0:00:30]} Bg7 {[%emt 0:00:30]} 3. d3 {[%emt 0:00:30]} d5 {[%emt 0:01:30]} 4. Nf3 {[%emt 0:02:30]} e5 {[%emt 0:01:30]} 5. O-O {[%emt 0:01:30]} Ne7 {[%emt 0:01:30]} 6. Nbd2 {[%emt 0:01:30]} O-O {[%emt 0:01:30]} 7. e4 {[%emt 0:00:30]} c6 {[%emt 0:02:30]} 8. Re1 {[%emt 0:02:30]} d4 {[%emt 0:10:30]} 9. b4 {[%emt 0:05:30] LiveBook: 5 Games} Qc7 {[%emt 0:06:30]} 10. Bb2 {[%emt 0:03:30]} a5 {[%emt 0:03:30]} 11. a3 {[%emt 0:08:30]} axb4 {[%emt 0:03:30]} (11... c5 $11) 12. axb4 {[%emt 0:00:30]} Rxa1 {[%emt 0:00:30]} 13. Qxa1 {[%emt 0:00:30]} Na6 {[%emt 0:02:30]} 14. c3 {[%emt 0:03:30]} Rd8 {[%emt 0:06:30]} 15. Bf1 {[%emt 0:05:30]} ({Reject} 15. cxd4 Nxb4 16. Qb1 exd4 $15) 15... Bg4 {[%emt 0:07:30]} 16. h3 {[%emt 0:08:30]} (16. b5 $5 cxb5 17. cxd4 $14) 16... Bxf3 {[%emt 0:00:30]} 17. Nxf3 {[%emt 0:00:30]} Qb6 {[%emt 0:07:30]} 18. Rc1 {[%emt 0:04:30]} Nc7 {[%emt 0:06:30]} 19. cxd4 {[%emt 0:02:30]} Ra8 {[%emt 0:04:30]} 20. Qb1 {[%emt 0:01:30]} exd4 {[%emt 0:00:30]} 21. Rc4 {[%emt 0:04:30]} Nb5 {[%emt 0:01:30]} 22. e5 {[%emt 0:08:30]} Nd5 {[%emt 0:06:30]} 23. Nxd4 {[%emt 0:08:30]} Bxe5 {[%emt 0:02:30]} 24. Nxb5 {[%emt 0:03:30]} Bxb2 {[%emt 0:00:30]} 25. Qxb2 {[%emt 0:00:30]} Qxb5 {[%emt 0:00:30]} 26. Bg2 $11 {[%emt 0:01:30]} Nc7 {[%emt 0:01:33]} 27. Qf6 {[%emt 0:01:30]} Qa6 {[%emt 0:01:36]} 28. Qe7 {[%emt 0:00:37]} Ne6 {[%emt 0:00:54]} 29. Re4 {[%emt 0:06:43]} Qa1+ {[%emt 0:04:04]} 30. Kh2 {[%emt 0:00:34]} Ra2 {[%emt 0:00:29]} 31. Rxe6 {[%emt 0:13:33]} fxe6 {[%emt 0:00:34]} 32. Qe8+ {[%emt 0:00:30]} Kg7 {[%emt 0:00:30]} 33. Qe7+ {[%emt 0:00:00]} Kh6 {[%emt 0:00:00]} 34. Qh4+ {[%emt 0:01:06]} Kg7 {[%emt 0:00:00]} 35. Qe7+ {[%emt 0:00:25]} Kh6 {[%emt 0:00:00]} 36. Qh4+ {[%emt 0:00:31]} Kg7 {[%emt 0:00:05]} 37. Qe7+ {[%emt 0:00:30]} Kh6 {[%emt 0:00:00]} 1/2-1/2

[Event "Turkey IS Bank Super League 2017"]
[Site "Darica-Kocaeli"]
[Date "2017.08.07"]
[Round "13"]
[White "Agdelen, Huseyin Can"]
[Black "Dastan, Muhammed Batuhan"]
[Result "0-1"]
[WhiteElo "2309"]
[BlackElo "2529"]
[Annotator "TA"]
[PlyCount "58"]
[EventType "team-tourn"]
[EventCountry "TUR"]
[SourceTitle "playchess.com"]
[Source "ChessBase"]
[SourceQuality "1"]

{[%evp 18,58,29,9,9,9,16,14,17,6,0,-33,0,-21,11,0,8,-47,-24,-60,-60,-63,-66,-60,-68,-62,-54,-68,-48,-63,-38,-88,-93,-95,-90,-88,-78,-144,-152,-198,-207,-213,-213]} 1. e4 c5 2. Nf3 d6 3. Bb5+ Nd7 4. O-O a6 5. Bd3 Ngf6 (5... b5 6. Re1 Bb7 7. a4 b4 8. Bc4 Ngf6 9. d3 e6 10. Nbd2 Be7 11. Nf1 O-O 12. Ng3 d5 {1-0 (50) Vachier Lagrave,M (2783)-Nepomniachtchi,I (2766) Leuven 2017}) 6. Re1 {B51: Sicilian: Moscow Variation (3 Bb5+) without 3...Bd7} g6 7. c3 Bg7 8. Bc2 O-O 9. d4 e5 10. dxe5 {LiveBook: 6 Games} Nxe5 11. Nxe5 dxe5 12. Qxd8 Rxd8 13. a4 $146 Be6 14. a5 Rac8 15. f3 Bf8 16. Bg5 Kg7 17. f4 ({White should try} 17. b3 $11) 17... h6 18. Bh4 exf4 {And now ...g5 would win.} 19. e5 Ng4 20. Bxd8 Rxd8 21. Rd1 Rc8 $36 {[%mdl 3072] Black has compensation. Black is more active.} 22. h3 Ne3 23. Rd2 c4 {...Rc5 is the strong threat.} 24. Na3 Rc5 25. Be4 Rxa5 26. Bxb7 Rxe5 27. Bxa6 (27. Kh1 $142) 27... Bc5 $17 {aiming for ...Nc2+.Black is clearly better.} 28. Kh1 {[#]} f3 $1 {[%cal Rf3g2][%mdl 512]} 29. gxf3 Rh5 {Precision: White = 29%, Black = 74%.} 0-1

[Event "Turkey IS Bank Super League 2017"]
[Site "Darica-Kocaeli"]
[Date "2017.08.08"]
[Round "13"]
[White "Ozates, Tuna"]
[Black "Karatekin, Tamer"]
[Result "1-0"]
[WhiteElo "2291"]
[BlackElo "2287"]
[Annotator "TA"]
[PlyCount "99"]
[EventType "team-tourn"]
[EventCountry "TUR"]
[SourceTitle "playchess.com"]
[Source "ChessBase"]
[SourceQuality "1"]

{[%evp 9,99,-15,-7,-5,-7,-17,-21,-27,1,-7,13,-14,-10,-5,-13,-43,-49,-51,-53,-50,-32,-42,-32,-41,-36,-108,-109,-114,-102,-98,-97,-104,-83,-75,-73,-90,-62,-110,-62,-97,-71,-71,-45,-71,-54,-70,-8,0,8,0,41,24,35,30,48,35,50,0,0,0,0,0,0,0,60,79,77,72,105,112,115,104,211,194,210,112,117,136,161,113,172,170,162,161,222,194,201,177,226,193,322,307]} 1. d4 e6 2. Nf3 Nf6 3. Bf4 Be7 4. Nbd2 (4. c3 c5 5. e3 Nh5 6. Bxb8 Rxb8 7. Nbd2 O-O 8. Bd3 b6 9. g4 Nf6 10. h4 cxd4 11. cxd4 Bb7 {0-1 (26) Salomon,J (2501)-Moiseenko,A (2676) Khanty-Mansiysk 2017}) 4... Nh5 5. Bg3 d5 6. e3 {A46: 1 d4 Nf6 2 Nf3 e6: Torre, London and Colle Systems} Nd7 7. Bd3 c5 8. c3 {The position is equal.} Qb6 {White must now prevent ...c4.} 9. Rb1 h6 $146 ({Predecessor:} 9... Nxg3 10. hxg3 Nf6 11. Ne5 Bd7 12. Qe2 a6 13. g4 Bb5 14. c4 dxc4 15. Ndxc4 Bxc4 16. Bxc4 cxd4 17. exd4 Qxd4 18. Nxf7 {1-0 (39) Bottyan,P (2262)-Vass,F (2292) Slovakia 2012}) 10. O-O (10. Be5 $5) 10... Nxg3 11. hxg3 O-O 12. b4 c4 $36 {[%mdl 2048] Black is pushing.} 13. Bc2 f5 14. Ba4 Bd6 15. Bxd7 Bxd7 16. Ne5 Be8 17. Ndf3 (17. a4 $15) 17... Qc7 $17 18. Qc2 Bh5 19. Kh2 g5 20. Rh1 Kg7 21. Kg1 Bxf3 22. Nxf3 Rh8 23. Kf1 Kf6 24. Ke2 h5 25. a4 Rag8 26. Rbg1 Rh7 (26... g4 $5 {[%cal Rg4f3]} 27. Nh4 Qd7 $15) 27. Nd2 h4 ({Black should try} 27... Rgh8 $15) 28. gxh4 $11 gxh4 {[#] Threatens to win with ...Bh2.} 29. Nf3 Rg4 30. Rh3 Qg7 31. Kf1 Qg8 32. a5 Ke7 33. Qb1 Kd8 34. Qc2 Kc7 35. b5 {[%cal Bb4b5,Bb5b6][%mdl 32]} Kc8 36. Qb1 Qd8 (36... Qg7 $11) 37. b6 $1 $14 a6 38. g3 Qg8 {[%cal Rh4g3]} 39. Rxh4 Rhxh4 40. Nxh4 f4 (40... Qh7 $16) 41. exf4 $18 Bxf4 42. Qb4 (42. Rh1 $18 Bd6 43. Nf3) 42... Kd7 {[%cal Rf4g3]} 43. Qa4+ Ke7 {[%cal Rf4g3]} 44. Nf3 Qg6 (44... Qh7 $16) 45. Qd1 Bd6 46. Rh1 Re4 (46... Qf5 $142 47. Nh4 Qd3+ 48. Kg2 Qxd1 49. Rxd1 Rg5) 47. Kg2 Rg4 {[%cal Rd6g3] Black wants to play ...Bxg3.} 48. Rh3 Qe4 49. Rh8 Qg6 (49... Rg7 {was worth a try.} 50. Qa4 Qg6) 50. Qh1 {Precision: White = 50%, Black = 40%.} 1-0

[Event "Turkey IS Bank Super League 2017"]
[Site "Darica-Kocaeli"]
[Date "2017.08.08"]
[Round "13"]
[White "Buyukasik, Diyap"]
[Black "Heberla, Bartlomiej"]
[Result "0-1"]
[WhiteElo "2285"]
[BlackElo "2577"]
[Annotator "TA"]
[PlyCount "104"]
[EventType "team-tourn"]
[EventCountry "TUR"]
[SourceTitle "playchess.com"]
[Source "ChessBase"]
[SourceQuality "1"]

{[%evp 9,104,19,31,19,21,19,22,10,31,12,5,9,12,-14,4,11,72,70,95,73,52,-62,-52,-71,-53,-71,-88,-79,-16,-23,0,-60,-66,-48,-49,-45,-49,-50,-49,-37,-36,-46,-40,-143,-131,-185,-216,-149,0,-88,-93,-93,0,0,0,-34,0,0,0,0,0,0,0,0,20,22,147,147,145,167,149,28,39,0,0,0,0,-47,0,-38,-41,-1190,-1189,-29973,-29974,-29974,-29973,-29969,-29970,-29984,-301,-29985,-29986,-29986,-29987,-29987,-29988]} 1. Nf3 g6 2. d4 Bg7 3. g3 c5 4. c3 Qa5 5. d5 (5. Nbd2 cxd4 6. Nb3 Qb6 7. cxd4 Nf6 8. Bg2 O-O 9. O-O d6 10. Re1 Bf5 11. Bg5 Nc6 12. d5 Nb4 13. Nfd4 {½-½ (85) Prohaszka,P (2601)-Kuzubov,Y (2646) Benasque 2017}) 5... d6 6. Bg2 {A40: Unusual replies to 1 d4} Nf6 7. O-O b5 8. Re1 {The position is equal.} O-O 9. h3 $146 ({Predecessor:} 9. e4 Bg4 10. Nbd2 Nfd7 11. h3 Bxf3 12. Nxf3 Na6 {½-½ (22) Jankovec,I (2275)-Ramik,Z (2345) Czechia 1995}) 9... Nbd7 10. e4 Nb6 11. Nbd2 Rb8 12. a4 {Black should prevent e5.} bxa4 (12... c4 $11) 13. Bf1 $16 c4 14. Nd4 {Threatens to win with Nc6.} Bd7 15. b4 (15. Nxc4 $14 Nxc4 16. Bxc4) 15... cxb3 $15 {[#]} 16. N2xb3 $1 {[%mdl 512]} Qxc3 (16... axb3 17. Rxa5) 17. Bd2 Qc8 $1 18. Rc1 axb3 (18... Qe8 $17 19. Na5 Nfxd5) 19. Rxc8 $11 Rfxc8 20. Nxb3 (20. Qxb3 $11 Nbxd5 21. Qa3) 20... Ba4 $1 $15 21. Qf3 $1 Bxb3 22. Qxb3 Nc4 $1 23. Qd3 Nxd2 24. Qxd2 Nd7 25. Qa2 a5 26. Ba6 ({White should play} 26. Kg2 $15) 26... Rc7 $17 27. Rb1 (27. Qxa5 $2 Ra7) (27. Be2 $17 {was necessary.}) 27... Rxb1+ $19 28. Qxb1 Bd4 ({Black should try} 28... a4 $17 29. Qb4 Rc1+ 30. Kg2 a3 $1 {[%mdl 512]}) 29. Qa2 (29. Bb5 $11) 29... Rc1+ $17 30. Kg2 {aiming for Qd2.} Ne5 (30... Ra1 $1 $17 {[%cal Ra1a2]} 31. Qc4 Ne5) 31. Be2 $15 ({Reject} 31. Qxa5 Rc2 $17) ({Not} 31. Qd2 $2 Rg1+ $1 {[%mdl 512]} 32. Kxg1 Nf3+ 33. Kf1 Nxd2+ $19) 31... Ra1 32. Qd2 Bc5 33. Qb2 $36 {[%mdl 2048] White fights for an advantage.} Ra4 34. Qb5 Ra2 35. f4 Nd7 $1 36. e5 dxe5 37. fxe5 Nxe5 (37... Kg7 $11) 38. Qb8+ $16 ({Of course not} 38. Qxc5 $6 Rxe2+ 39. Kf1 Re1+ $1 {[%mdl 512]} 40. Kg2 Rd1 $11) 38... Kg7 39. Qxe5+ f6 {[#]} 40. Qe6 (40. Qe4 $1 $16 {[%cal Re4c4] Hoping for Qc4.} Bd6 41. Qc4) 40... Bd6 $1 $11 41. h4 {g4 is the strong threat.} a4 {White must now prevent ...a3.} 42. h5 a3 43. Kh3 Ra1 {And now ...a2 would win.} 44. hxg6 hxg6 45. Bb5 $2 {[%mdl 8192]} (45. Bc4 $15) 45... Rg1 $19 46. Be8 Rxg3+ 47. Kh4 Kh6 {[%csl Gf6,Gg3,Gh6][%cal Rg6g5]} 48. Bxg6 Rxg6 (48... Kxg6 $2 49. Qg8+ Kf5 50. Qc8+ Ke4 51. Qc4+ Kf5 52. Qc2+ Kf4 53. Qc4+ Ke3 54. Qc3+ Ke4 55. Qc4+ Kf5 56. Qc2+ Kf4 57. Qc4+ Ke3 58. Qc3+ Ke4 59. Qc4+ $19) 49. Qf7 Bg3+ 50. Kh3 a2 {Black mates.} 51. Qf8+ Kg5 52. Qa8 Be5 {Precision: White = 41%, Black = 59%.} 0-1